000 01440cam a2200385 i 4500
001 ocn469184388
003 EG-ScBUE
005 20260226092553.0
008 091124s2003 nyu3nyuf d f 1 00eng dng d
020 _a9780451529060 (pbk.)
035 _a(OCoLC)ocn469184388
035 _a(OCoLC)469184388
040 _aGZD
_beng
_erda
_cGZD
_dGZD
_dEG-ScBUE
082 0 4 _a575.0162
_bDAR
_222
100 1 _aDarwin, Charles,
_d1809-1882,
_eauthor.
240 1 0 _aOn the origin of species.
245 1 4 _aThe origin of species :
_bby means of natural selection of the preservation of favoured races in the struggle for life /
_cCharles Darwin ; with an introduction by Julian Huxley.
264 1 _aNew York :
_bSignet Classics,
_c2003.
300 _axxix, 545 pages ;
_c18 cm
336 _2rdacontent
_atext
_btxt
337 _aunmediated
_2rdamedia
_bn
338 _avolume
_bnc
_2rdacarrier
500 _a"First Signet Classics printing ... 2003." -- T.p. verso.
500 _a"Previously published in a Mentor edition." -- T.p verso.
500 _aIncludes index.
500 _aIncludes glossary.
650 7 _aEvolution (Biology)
_2BUEsh
650 7 _aNatural selection.
_2BUEsh
651 _2BUEsh
653 _bGGEN
_cOctober2016
655 _vReading book
_934232
700 1 _aDarwin, Charles,
_d1809-1882.
_tOn the origin of species.
700 1 _aHuxley, Julian,
_eauthor of introduction, etc.
_910771
942 _2ddc
_cBB
999 _c22772
_d22744